Statistics for Science Vocabulary #3

Click here to take the quiz!

General Stats

  • This quiz has been taken 16,261 times
  • The average score is 13 of 20

Answer Stats

Definitiona Word % Correct
Describes an animal that is primarily active at nightNocturnal
92%
Group of stars bound together by gravityGalaxy
90%
How a liquid becomes a gasEvaporation
88%
Half of the earth or half of the brainHemisphere
79%
The fourth state of matter. The sun is made of itPlasma
78%
The plants and animals at the bottom of the ocean's food chainPlankton
76%
Rock from which minerals can be economically extracted Ore
74%
One of two veins that return blood from the head to the heartJugular
69%
Approximately 6.02 x 1023 atomsMole
67%
Organism that has both male and female sex organsHermaphrodite
65%
How bats navigate using soundEcholocation
63%
Type of plant, such as soybeans or lentils, whose fruit comes in a podLegume
62%
Element with the highest melting point, used in lightbulb filamentsTungsten
61%
Varation of an atom that has a different number of neutronsIsotope
60%
Describes trees that lose their leaves in the winterDeciduous
59%
The division of a cell nucleus and the copying of the genomeMitosis
57%
Half the distance between the crest and trough of a waveAmplitude
41%
A planet which exists outside of our Solar SystemExoplanet
39%
Capable of being pulled or stretched into a thin wireDuctile
28%
The percentage of light that is reflected from a surfaceAlbedo
12%

Score Distribution

Percentile by Number Answered

Percent of People with Each Score

Your Score History

You have not taken this quiz